|
|
|
|
| LEADER |
00000nbm0a2200000 4500 |
| 001 |
350822 |
| 005 |
20231101040524.0 |
| 035 |
|
|
|a (RuTPU)RU\TPU\retro\5194
|
| 090 |
|
|
|a 350822
|
| 100 |
|
|
|a 20190312d1969 k y0rusy50 ca
|
| 101 |
0 |
|
|a rus
|
| 102 |
|
|
|a RU
|
| 105 |
|
|
|a y z 001zy
|
| 200 |
1 |
|
|a Об устойчивости электронного кольцевого пучка в бесконечной цилиндрической трубе с проводящими стенками
|f И. Л. Коренев, Л. А. Юдин
|g Академия наук СССР (АН СССР), Радиотехнический институт
|
| 210 |
|
|
|a Москва
|c [Б. и.]
|d 1969
|
| 215 |
|
|
|a 6 с.
|
| 300 |
|
|
|a На правах рукописи
|
| 317 |
|
|
|5 63413507: КР-6204
|a Поступила в НТБ в 1987 г. в дар от вдовы ученого Е. К. Завадовской
|
| 320 |
|
|
|a Библиогр.: с. 6
|
| 512 |
1 |
|
|a НТД-698Р
|
| 606 |
1 |
|
|a Электроны
|x Ускорение коллективное
|2 stltpush
|3 (RuTPU)RU\TPU\subj\20564
|
| 610 |
1 |
|
|a электронные кольца
|
| 610 |
1 |
|
|a устойчивость
|
| 610 |
1 |
|
|a возмущения
|
| 610 |
1 |
|
|a поперечные колебания
|
| 610 |
1 |
|
|a цилиндрические трубы
|
| 610 |
1 |
|
|a библиотека А. А. Воробьева
|
| 675 |
|
|
|a 621.384.665
|v 4
|
| 700 |
|
1 |
|a Коренев
|b И. Л.
|
| 701 |
|
1 |
|a Юдин
|b Л. А.
|
| 712 |
0 |
2 |
|a Академия наук СССР (АН СССР)
|b Радиотехнический институт
|c (Москва)
|c (1957-1976)
|2 stltpush
|3 (RuTPU)RU\TPU\col\25557
|
| 801 |
|
1 |
|a RU
|b 63413507
|c 20190312
|
| 801 |
|
2 |
|a RU
|b 63413507
|c 20190514
|g RCR
|
| 942 |
|
|
|c BK
|